000 00401nam a22001697a 4500
003 OSt
005 20211103154340.0
008 211103b |||||||| |||| 00| 0 eng d
020 _a8176489352
040 _cHU
082 _a331.702
100 _aYOGESH KUMER SINGH
_916810
245 _aGUIDANCE AND CAREER COUNSELLING
260 _aNEW DELHI
_bHALL
_c2005
300 _a424
942 _2ddc
_cBOOKS
_n0
999 _c16555
_d16555